Identificación de riesgos atmosféricos en espacios confinados en Colombia / (Registro nro. 2888)

Detalles MARC
000 -LEADER
fixed length control field 02173nam a2200301 i 4500
001 - CONTROL NUMBER
control field 0000076145
005 - DATE AND TIME OF LATEST TRANSACTION
control field 20250329165413.0
007 - PHYSICAL DESCRIPTION FIXED FIELD--GENERAL INFORMATION
fixed length control field ta
008 - FIXED-LENGTH DATA ELEMENTS--GENERAL INFORMATION
fixed length control field 190415s2021 000 0 eng d
040 ## - CATALOGING SOURCE
Original cataloging agency CO-CtgCURN
Language of cataloging spa
Transcribing agency coctgcurn
Description conventions rda
082 0# - DEWEY DECIMAL CLASSIFICATION NUMBER
Classification number APH 2021
Item number M149
100 1# - MAIN ENTRY--PERSONAL NAME
Personal name Machado Pimienta, Kelly Johana,
Relator term author.
Relationship aut
245 10 - TITLE STATEMENT
Title Identificación de riesgos atmosféricos en espacios confinados en Colombia /
Statement of responsibility, etc. Kelly Johan Machado Pimienta; Rafael Enrique González Baldovina; Carlos Noel Ríos Gómez.
260 ## - PUBLICATION, DISTRIBUTION, ETC.
Place of publication, distribution, etc. Cartagena de Indias :
Name of publisher, distributor, etc. Corporación Universitaria Rafael Núñez,
Date of publication, distribution, etc. 2021.
260 #4 - PUBLICATION, DISTRIBUTION, ETC.
Date of publication, distribution, etc. ©2021.
300 ## - PHYSICAL DESCRIPTION
Extent 31 hojas.
336 ## - CONTENT TYPE
Content type term text
Content type code txt
Source rdacontent
337 ## - MEDIA TYPE
Media type term unmediated
Media type code n
Source rdamedia
338 ## - CARRIER TYPE
Carrier type term volume
Carrier type code nc
Source rdacarrier
504 ## - BIBLIOGRAPHY, ETC. NOTE
Bibliography, etc. note Trabajo de grado (Tecnologo en Atencion Prehospitalaria). Corporación Universitaria Rafael Nuñez. Facultad de Ciencias de la Salud. Tecnologia en Atencion Prehospitalaria, 2021.
520 ## - SUMMARY, ETC.
Summary, etc. "El presente artculo de revisión tiene como principal objetivo analizar cualitativamente la literatura científica disponible en las bases de datos Scielo Redalyc, Google Académico y páginas web oficiales, empleando como palabras de búsqueda: Accidentes, Espacios Confinados, Gases Inflamables, rescatista, urgencia. Se obtuvo información pertinente relacionada con el objetivo propuesto la cual se presenta en tres secciones: Espacios confinados; identificación de riesgos atmosféricos; evaluación de la peligrosidad de la atmosfera. Dentro de estos, el rescatista de espacios confinados se torna prioritario en cuanto a que es el encargado de atender y salvar la vida de la persona con los elementos de protección adecuado."
650 14 - SUBJECT ADDED ENTRY--TOPICAL TERM
Topical term or geographic name entry element Atención prehospitalaria
Form subdivision Tesis y disertaciones academicas.
700 1# - ADDED ENTRY--PERSONAL NAME
Personal name González Baldovina, Rafael Enrique.
700 1# - ADDED ENTRY--PERSONAL NAME
Personal name Ríos Gómez, Carlos Noel.
856 ## - ELECTRONIC LOCATION AND ACCESS
Uniform Resource Identifier <a href="https://unicurn.sharepoint.com/:b:/s/biblioteca/EdllCRgAV65Ov3mJW7zORTgBX4CKguoABjlGpPSCs5B6bA?e=Z45qLq">https://unicurn.sharepoint.com/:b:/s/biblioteca/EdllCRgAV65Ov3mJW7zORTgBX4CKguoABjlGpPSCs5B6bA?e=Z45qLq</a>
Public note Click aqui para ver el recurso en texto completo
942 ## - ADDED ENTRY ELEMENTS (KOHA)
Source of classification or shelving scheme Dewey Decimal Classification
Koha item type Trabajos de grado
Classification part APH 2021
Item part M149
Existencias
Withdrawn status Lost status Source of classification or shelving scheme Damaged status Not for loan Collection Home library Current library Shelving location Date acquired Source of acquisition Cost, normal purchase price Inventory number Total checkouts Full call number Barcode Date last seen Price effective from Koha item type
    Dewey Decimal Classification     Trabajos de grado Miguel Henríquez Emiliani Miguel Henríquez Emiliani Trabajo de grado 06/01/2019 El autor 350000.00 023958   APH 2021 M149 023958 03/29/2025 03/29/2025 Trabajos de grado